In memoriam, 1936-1939 : (Registro nro. 189218)

Detalles MARC
000 -LEADER
campo de control de longitud fija 01228nam a2200277 i 4500
001 - NÚMERO DE CONTROL
campo de control 189218
003 - IDENTIFICADOR DE NÚMERO DE CONTROL
campo de control ES-MaACL
005 - FECHA Y HORA DE LA ÚLTIMA TRANSACCIÓN
campo de control 20240104172310.0
008 - DATOS DE LONGITUD FIJA--INFORMACIÓN GENERAL
campo de control de longitud fija 190426s2017 sp a |||| | spa d
080 ## - NÚMERO DE LA CLASIFICACIÓN DECIMAL UNIVERSAL
Número de la Clasificación Decimal Universal 323.281(460.285 El Real de San Vicente)"1936/39"
080 ## - NÚMERO DE LA CLASIFICACIÓN DECIMAL UNIVERSAL
Número de la Clasificación Decimal Universal 94(460.285 El Real de San Vicente)"1936/39"
245 00 - MENCIÓN DEL TÍTULO
Título In memoriam, 1936-1939 :
Resto del título El Real de San Vicente (Toledo) /
Mención de responsabilidad, etc. [colaboran, Jorge Luis Martín Sánchez ... et al. ; coordina, Ayto. de El Real de San Vicente].
250 ## - MENCION DE EDICION
Mención de edición 1ª ed.
260 ## - PUBLICACIÓN, DISTRIBUCIÓN, ETC.
Lugar de publicación, distribución, etc. [El Real de San Vicente] :
Nombre del editor, distribuidor, etc. Ayuntamiento de El Real de San Vicente,
Fecha de publicación, distribución, etc. 2017.
300 ## - DESCRIPCIÓN FÍSICA
Extensión 115 p. :
Otras características físicas il. ;
Dimensiones 21 cm.
500 ## - NOTA GENERAL
Nota general Apéndice documental.
504 ## - NOTA DE BIBLIOGRAFÍA, ETC.
Nota de bibliografía, etc. Bibliografía: p. 109.
650 #4 - PUNTO DE ACCESO ADICIONAL DE MATERIA--TÉRMINO DE MATERIA
Término de materia o nombre geográfico como elemento de entrada Represión política-
Subdivisión geográfica Toledo (Provincia)-
Subdivisión cronológica 1936-1939.
9 (RLIN) 174033
651 #4 - PUNTO DE ACCESO ADICIONAL DE MATERIA--NOMBRE GEOGRÁFICO
Nombre geográfico Toledo (Provinvia)-
Subdivisión general Historia-
Subdivisión cronológica 1936-1939.
9 (RLIN) 9449
651 #4 - PUNTO DE ACCESO ADICIONAL DE MATERIA--NOMBRE GEOGRÁFICO
Nombre geográfico El Real de San Vicente-
Subdivisión general Historia.
9 (RLIN) 174034
700 1# - ENTRADA AGREGADA--NOMBRE PERSONAL
Nombre de persona Martín Sánchez, Jorge Luis.
9 (RLIN) 174035
852 4# - LOCALIZACIÓN
Ubicación ES-MaACL
Número de control de estantería A-14507
itemnumber 196356
Sublocalización o colección R.152077
Ubicación en estantería Depósito 1
Signatura antigua Olim: N-7507
Anotaciones manuscritas Dedicatoria autógrafa del autor
Donativo/Legado Donación: Juan Iglesias Roldán
903 ## - NOMBRE PERSONAL DE DONANTE
9 234840
a Iglesias Roldán, Juan
e Donante
942 ## - ELEMENTOS DE ENTRADA SECUNDARIOS (KOHA)
Fuente del sistema de clasificación o colocación Clasificación decimal universal
Tipo de ítem Koha Libro impreso
Existencias
Estatus retirado Estado de pérdida Fuente del sistema de clasificación o colocación Estado de daño No para préstamo Biblioteca de origen Biblioteca actual Ubicación en estantería Fecha de adquisición Fuente de adquisición Total de préstamos Signatura topográfica completa Código de barras Visto por última vez Precio de reemplazo Tipo de ítem Koha
    Clasificación decimal universal     Biblioteca del Ateneo de Madrid Biblioteca del Ateneo de Madrid Depósito 1 26/04/2019 Donación   A-14507 1200413 23/02/2023 23/02/2023 Libro impreso